000
00277nam a2200109Ia 4500
001
588852
005
20250717120838.0
008
250717s9999 xx 000 0 und d
245
0
_a
Y-6 MUHTEŞEM BİLİM İNSANLARI
_c
YUSUF ASAL
260
_b
ERDEM YAYINLARI
_c
2020
300
_b
151
999
_c
588852
_d
588852